Retail management : principles and practices
Saved in:
| Main Author: | |
|---|---|
| Other Authors: | |
| Format: | Book |
| Published: |
New Delhi :
Manglam Pub.,
c2009.
|
| Subjects: | |
| Tags: |
Add Tag
No Tags, Be the first to tag this record!
|
MARC
| LEADER | 00000nam a22000007a 4500 | ||
|---|---|---|---|
| 005 | 20251010091431.0 | ||
| 020 | |a 9788190678544 |c TZS 23,860.244 /= | ||
| 040 | |a MCCL |b eng |e AACR 2nd rev.ed. | ||
| 082 | |a 658.87 BAR | ||
| 100 | |a Barik, K. N. | ||
| 245 | |a Retail management : |b principles and practices |c / K. N. Barik | ||
| 260 | |a New Delhi : |b Manglam Pub., |c c2009. | ||
| 300 | |a 264 p. : |c 23 cm. | ||
| 504 | |a Includes bibliographical references and indexes | ||
| 546 | |a eng | ||
| 650 | |a Management | ||
| 700 | |a K. N. Barik | ||
| 942 | |c BK | ||
| 999 | |c 12436 |d 12436 | ||